MARC детайли
| 000 -Лидер |
| Контролно поле с фиксирана дължина |
01704nam a2200301 c 4500 |
| 003 - Код на организацията, давaща контролен номер |
| Контролно поле |
BLK |
| 005 - Дата и час на последна редакция |
| Контролно поле |
20240411094358.0 |
| 008 - Елементи от данни с фиксирана дължина |
| fixed length control field |
180911b bul|||||r ||||||| ||bul|| |
| 040 ## - Източник на каталожния запис |
| Идентификатор на билиотеката - собственик на записа |
BLK |
| 041 ## - Код за език |
| Код за езика на текст/звукозапис или на отделно заглавие |
Български |
| Код за езика КДБФ |
Български |
| 080 ## - УДК |
| Текстов определител УДК |
Български политик, държавник, революционер, поет и журналист |
| УДК - код + определител |
929 Стамболов, Стефан Николов |
| УДК код - определител по УДК |
929 Стамболов, Стефан Николов |
| 139 ## - Редно поле |
| Редна дума |
Страшимиров, Антон Тодоров |
| 245 00 - Сведения за заглавието |
| Заглавие |
Диктаторът |
| Подзаглавни данни |
Нови проучвания върху живота и личността на Стефан Стамболов : Кн. 1 - 3 |
| Редно поле (дума) |
Антон Тодоров Страшимиров |
| 260 ## - Област на издателските данни |
| Място на издаване, разпространение и проч. |
София |
| Име на издателя, разпространителя и проч. |
Бълг. книга |
| Година на издаване |
1935 |
| Печатница |
Художник |
| 300 ## - Физическа характеристика |
| Страници |
80 с., 1 л. : портр.; 78 с., 2 л. : портр.; 104 с. |
| Размери/Мащаб |
18 см |
| 380 ## - Жанр |
| Жанр |
История |
| 500 ## - Общи забележки |
| Забележка |
Подчертавания в текста : Кн. 1, с. 1-17 ; Кн. са подвърз. в едно тяло |
| 505 ## - Форматирана забележка |
| Заглавие |
Съдържа: Кн. 1: Апостол. <br/>Кн. 2: Държавнически възход. <br/>Кн. 3: Диктатор. |
| 600 #0 - Име на лице, използвано като предмет |
| За него / За нея |
Стамболов, Стефан Николов |
| Титли или други наименования, свързани с автора |
Незлоблив Поет, Аспарух, Х. Х. Х. |
| Свързани дати |
1854 - 1895 |
| Друга информация |
Политик. Поет, публицист. Преводач. Революционер, общественик. |
| 9 (RLIN) |
242233 |
| 650 ## - Допълнително описание по предмет – тема |
| Основно описание – тема или топоним |
Биографии |
| 9 (RLIN) |
148657 |
| 655 ## - Ключова дума – жанр/разновидност |
| Данни за жанр/разновидност или ключова дума за фокус |
българска история |
| 852 ## - Местоположение |
| Форматна сигнатура |
МА 2418 |
| Фондова буква |
Фонд "Михаил Арнаудов" |
| 852 ## - Местоположение |
| Форматна сигнатура |
Цб 9.175.7958 |
| Фондова буква |
Основен фонд - ползва се само за читалня |
| 999 ## - СИСТЕМНИ КОНТРОЛНИ НОМЕРА |
| Koha biblionumber |
342799 |
| Koha biblioitemnumber |
342799 |
| 942 ## - АРТИКУЛИ |
| Вид на библиотечния материал |
Книги |
| Скрит в OPAC |
Не |
| Периодичен библиозапис |
Да |
| 944 ## - СЪЗДАВАНЕ И РЕДАКЦИЯ на ЗАПИСА |
| Създаване/Редакция |
Създаване |
| Дата на регистрацията/редакция |
1997 |
| Служител, извършил регистрацията/редакцията |
30570 |
| Статус, дата на статуса |
Моника Янева |
| 944 ## - СЪЗДАВАНЕ И РЕДАКЦИЯ на ЗАПИСА |
| Създаване/Редакция |
Редакция |
| Дата на регистрацията/редакция |
2021-08-31 |
| 999 ## - СИСТЕМНИ КОНТРОЛНИ НОМЕРА |
| Koha biblioitemnumber |
342799 |